|
|
|
|
| LEADER |
00000cam a2200000 7i4500 |
| 001 |
0000000982 |
| 005 |
20140321.0 |
| 020 |
0 |
0 |
|a 9250008813
|
| 090 |
0 |
0 |
|a FAO338.13
|b FOR 1980
|
| 245 |
0 |
0 |
|a FOREST products prices 1960-1978 .
|l Prize des produits forestiers 1960-1978 .
|l Precius de productces forestales 1960-1978
|
| 260 |
0 |
0 |
|a Rome :
|b Food and Agriculture Organization of the United Nations ,
|c 1980
|
| 300 |
|
|
|a 79 p. :
|b tables ;
|c 28 cm.
|
| 440 |
0 |
0 |
|a FAO forestry paper ; 18
|
| 650 |
0 |
0 |
|a Forest products
|x Prices
|x Statistics
|
| 710 |
1 |
1 |
|a Food and Agriculture Organization of the United Nations (FAO)
|
| 998 |
|
|
|a JPSM
|
| 999 |
|
|
|a 0000002143
|b Monograph
|c Food and Agriculture Organization
|e Default branch
|
| 999 |
|
|
|a 0000002144
|b Monograph
|c Food and Agriculture Organization
|e Default branch
|
| 999 |
|
|
|a 0000005882
|b Monograph
|c Food and Agriculture Organization
|e Default branch
|